000
00324nam a2200133Ia 4500
008
260604s9999 xx 000 0 und d
020
_a
9781408855669
082
_a
823.91 ROW
100
_a
ROWLING
_9
35313
245
0
_a
HARRY POTTER AND THE CHAMBER OF SECRETS - NEW
260
_b
BLY
500
_a
Harry Potter
942
_c
BK
999
_c
8089
_d
8089